| 000 | 02423cam a2200649 a 4500 | ||
|---|---|---|---|
| 001 | 20280 | ||
| 003 | VRT | ||
| 005 | 20260120152042.0 | ||
| 008 | 230403s1963 xo oa grn 001 0 slo | ||
| 015 | _aSNBA1963/08-01694 | ||
| 020 | _q(viazané) | ||
| 035 | _aSK01SNK19630030659 | ||
| 035 | _aurn:nbn:sk:snk-am3iu9e | ||
| 035 | _aE32C8CD0-BC05-4B2A-998A-678D47DD0923 | ||
| 035 | _aurn:nbn:sk:snk-am00fjbh | ||
| 035 | _aSKM000033122 | ||
| 039 | 9 |
_a202401230857 _bssvkbb03 _c202304032017 _dVLOAD _c202212121240 _dVLOAD _c202109061542 _dVLOAD |
|
| 040 |
_aSNK _bslo _cSNK _eAACR2 |
||
| 041 | 0 | _aslo | |
| 044 |
_axo _cSK |
||
| 072 | 7 |
_a712 _xPlánovanie krajiny. Parky. Záhrady _2konspekt |
|
| 080 |
_a712.252 _22011 |
||
| 080 |
_a005.933.1 _22011 |
||
| 080 |
_a711.4 _22011 |
||
| 080 |
_a711.437 _22011 |
||
| 080 |
_a(048.8) _2011 |
||
| 100 | 1 |
_aGlaus, Alexander, _d1929-1992 _4aut |
|
| 245 | 1 | 0 |
_aZazeleňovanie miest a dedín _cAlex. Glaus, Gustáv Čejka, Bohdan Wagner, Eduard Galuszka |
| 250 | _aVydanie prvé | ||
| 260 |
_aBratislava _bSlovenské vydavateľstvo pôdohospodárskej literatúry _c1963 _eMartin _fTlačiarne SNP |
||
| 300 |
_a541 strán, 8 nečíslovaných listov obrazových príloh _bfotografie (niektoré farebné), ilustrácie _c25 cm |
||
| 366 | _e4000 kusov | ||
| 490 | 1 |
_aKnižnica novej dediny _vzväzok 2 |
|
| 504 | _aBibliografia na strane 514 ; vecný a menný register ; zoznam slovenských názvov rastlín ; zoznam latinských názvov rastlín | ||
| 650 | 0 | 7 |
_averejná zeleň _2SNKPH |
| 650 | 0 | 7 |
_aprojektovanie _2SNKPH |
| 650 | 0 | 7 |
_amestá _2SNKPH |
| 650 | 0 | 7 |
_adediny _2SNKPH |
| 650 | 0 | 7 |
_aTowns _2SNKPHeng |
| 650 | 0 | 7 |
_aVillages _2SNKPHeng |
| 650 | 0 | 7 |
_aUrban plants _2SNKPHeng |
| 650 | 0 | 7 |
_aProject planning _2SNKPHeng |
| 655 | 7 |
_amonografie _2SNKPH |
|
| 655 | 7 |
_aMonographs _2SNKPHeng |
|
| 700 | 1 |
_aČejka, Gustáv, _d1914-1999 _4aut |
|
| 700 | 1 |
_aWagner, Bohdan, _d1919-2012 _4aut |
|
| 700 | 1 |
_aGaluszka, Edvard, _d1922-2005 _4aut |
|
| 830 | 0 | _aKnižnica novej dediny | |
| 910 | _asnk | ||
| 942 |
_2ddc _cOLDO _n0 |
||
| 949 |
_617A0466863 _asnkSC 17855 D1 _bsnkKSP 3084/63 _qrekatalogizácia |
||
| 949 |
_6273K0208574 _asvkpoB 24605 _bsvkpo105903 |
||
| 949 |
_6270001000612359 _asvkbbS 59073 _bsvkbbm 109046 |
||
| 949 |
_62889031220 _asavukS 14150 |
||
| 949 |
_617A0882757 _asnkSC 17855 _bsnkKSP 3083/63 _s6100:20201021 |
||
| 999 |
_c20280 _d20280 |
||